MANAGERIAL ECONOMICS (Record no. 8790)

MARC details
000 -LEADER
fixed length control field 00323nam a2200121Ia 4500
008 - FIXED-LENGTH DATA ELEMENTS--GENERAL INFORMATION
fixed length control field 240624s9999 xx 000 0 und d
041 ## - LANGUAGE CODE
Language code of text/sound track or separate title eng
082 ## - DEWEY DECIMAL CLASSIFICATION NUMBER
Classification number 338.5024658 PET
100 ## - MAIN ENTRY--PERSONAL NAME
Personal name PETERSEN CRAIG H
245 ## - TITLE STATEMENT
Title MANAGERIAL ECONOMICS
260 ## - PUBLICATION, DISTRIBUTION, ETC.
Date of publication, distribution, etc. 2007
Place of publication, distribution, etc. India
Name of publisher, distributor, etc. Pearson Education India
300 ## - PHYSICAL DESCRIPTION
Extent xv, : 622 : p. : cm. ; 24
Holdings
Withdrawn status Lost status Damaged status Not for loan Home library Current library Shelving location Date acquired Full call number Barcode Date last seen Price effective from Koha item type
Store Books       IMTN IMTN Rack 10-B 05/13/2008 338.5024658 PET 8790 06/24/2024 06/24/2024 Books
Designed & Maintained by: LRC IMT Nagpur Contact: lrc@imtnag.ac.in© 2024. All Rights Reserved.